| 000 | 00382nam a2200169Ia 4500 | ||
|---|---|---|---|
| 100 | _aBarker/Richard/ Massiglia/P | ||
| 650 | _aNetwork | ||
| 942 | _cBK | ||
| 366 | _f25 | ||
| 654 | _astorage area network | ||
| 245 | _aStorage area network essentials | ||
| 260 |
_bWiley India _c2002 |
||
| 082 |
_a4.68 _bBAR |
||
| 300 | _a498 | ||
| 546 |
_aENGLISH _celectronics |
||
| 999 |
_c26458 _d26458 |
||